| Tag |
First Indicator |
Second Indicator |
Subfields |
| LEADER |
00000cam a22000004a 4500 |
| 001 |
in00002085421 |
| 005 |
20240304182815.0 |
| 008 |
051212s2005 au a b 000 u eng d |
| 019 |
|
|
|a 61877498
|
| 020 |
|
|
|a 9201003056
|
| 020 |
|
|
|a 9789201003058
|
| 020 |
|
|
|a 9201151047
|
| 020 |
|
|
|a 9789201151049
|
| 029 |
1 |
|
|a AU@
|b 000028592712
|
| 029 |
1 |
|
|a AU@
|b 000041350685
|
| 029 |
1 |
|
|a AU@
|b 000046249168
|
| 029 |
1 |
|
|a AU@
|b 000049628207
|
| 029 |
1 |
|
|a NZ1
|b 10477263
|
| 029 |
1 |
|
|a NZ1
|b 10511950
|
| 035 |
|
|
|a (OCoLC)ocm62614845
|
| 035 |
|
|
|a (OCoLC)62614845
|z (OCoLC)61877498
|
| 035 |
|
|
|a (OCoLC)ocm62614845
|
| 040 |
|
|
|a ERL
|b eng
|c ERL
|d BAKER
|d NDD
|d BTCTA
|d COD
|d SINLB
|d OCLCQ
|d CAI
|d ILU
|d STF
|d YDXCP
|d RB#
|d OCLCO
|d OCLCF
|d OCLCQ
|d V5E
|d RB#
|d OCLCO
|d OCL
|d OCLCO
|d CNAEC
|
| 041 |
|
|
|a eng
|
| 050 |
1 |
4 |
|a QC770
|b .I498 no. 436
|
| 080 |
|
|
|a 621.039.75
|b D572
|
| 082 |
0 |
4 |
|a 621.4808
|b I61T, no. 436
|
| 082 |
0 |
4 |
|a 621.4838
|2 22
|
| 088 |
|
|
|a STI/DOC/010/436
|
| 110 |
2 |
|
|a International Atomic Energy Agency.
|
| 245 |
1 |
0 |
|a Disposal options for disused radioactive sources /
|c International Atomic Energy Agency.
|
| 260 |
|
|
|a Vienna :
|b IAEA,
|c ©2005.
|
| 300 |
|
|
|a 51 pages :
|b illustrations ;
|c 24 cm.
|
| 336 |
|
|
|a text
|b txt
|2 rdacontent
|
| 337 |
|
|
|a unmediated
|b n
|2 rdamedia
|
| 338 |
|
|
|a volume
|b nc
|2 rdacarrier
|
| 490 |
1 |
|
|a Technical reports series ;
|v no. 436
|
| 500 |
|
|
|a STI/DOC/010/436
|
| 520 |
|
|
|a This report presents a review of relevant information on the various technical factors and issues, as well as approaches and relevant technologies, leading to the identification of potential disposal options for disused radioactive sources. The report attempts to provide a logical 'road map' for the disposal of disused radioactive sources, taking into consideration the high degree of variability in the radiological properties of such types of radioactive waste. The use of borehole or shaft type repositories is highlighted as a potential disposal option, particularly for those countries that have limited resources and are looking for a simple, safe and cost effective solution for the disposal of their radioactive source inventories. The information provided in the report could be adapted or adopted to identify and develop specific disposal options suitable for the type and inventory of radioactive sources kept in storage in a given Member State.--Publisher's description.
|
| 530 |
|
|
|a Available both in print and online.
|
| 504 |
|
|
|a Includes bibliographical references.
|
| 505 |
0 |
|
|a Introduction. -- Uses and characteristics of radioactive sources. -- Disposal considerations. -- Identification and screening of disposal options. -- Waste packaging and acceptance criteria for disposal. -- Summary and conclusions.
|
| 650 |
|
0 |
|a Radioactive waste disposal in the ground.
|
| 650 |
|
0 |
|a Radiation well logging.
|
| 650 |
|
0 |
|a Oil well logging, Radiation.
|
| 650 |
|
6 |
|a Déchets radioactifs
|x Élimination dans le sol.
|
| 650 |
|
6 |
|a Diagraphies nucléaires.
|
| 650 |
|
7 |
|a Oil well logging, Radiation
|2 fast
|
| 650 |
|
7 |
|a Radiation well logging
|2 fast
|
| 650 |
|
7 |
|a Radioactive waste disposal in the ground
|2 fast
|
| 653 |
|
|
|a Radiation
|a Safety measures.
|
| 653 |
|
|
|a Radioactive substances.
|
| 653 |
|
|
|a Radioactive waste disposal in the ground.
|
| 653 |
|
|
|a Radioactive waste disposal.
|
| 776 |
0 |
8 |
|i Online version:
|t Disposal options for disused radioactive sources.
|d Vienna : International Atomic Energy Agency, ©2005
|w (OCoLC)644330177
|
| 830 |
|
0 |
|a Technical reports series (International Atomic Energy Agency) ;
|v no. 436.
|
| 856 |
4 |
1 |
|u http://www-pub.iaea.org/MTCD/publications/PDF/TRS436_web.pdf
|t 0
|
| 938 |
|
|
|a Baker & Taylor
|b BKTY
|c 36.50
|d 36.50
|i 9201003056
|n 0006502944
|s active
|
| 938 |
|
|
|a Baker & Taylor
|b BKTY
|c 47.00
|d 47.00
|i 9201151047
|n 0006408473
|s active
|
| 938 |
|
|
|a Baker and Taylor
|b BTCP
|n BK0006502944
|
| 938 |
|
|
|a YBP Library Services
|b YANK
|n 3791812
|
| 948 |
|
|
|h HELD BY TXA - 43 OTHER HOLDINGS
|
| 994 |
|
|
|a Z0
|b TXA
|
| 999 |
f |
f |
|s 77e48154-a5eb-3ede-8a29-4996ca76ce69
|i 5d800642-90e2-305f-aae2-5caca3ecfea4
|t 0
|
| 952 |
f |
f |
|p ric
|a Texas A&M University
|b Rellis Campus
|c Joint Library Facility
|s JLF
|d Remote Storage
|t 0
|e HD9698.A1 I6 no.436
|h Library of Congress classification
|i unmediated -- volume
|m A14833390588
|